| 000 | 00386 a2200109 4500 | ||
|---|---|---|---|
| 001 | ART_26489 | ||
| 005 | 20260410161940.0 | ||
| 008 | 260409a | ||
| 245 | 1 | 0 | _aPatrones de crecimiento y políticas tecnológicas en el siglo XX |
| 100 | 1 | _aNochteff, Hugo J. | |
| 773 | 0 |
_tCiclos en la historia, la economía y la sociedad _g- Vol. IV, Nº 6 (ene./jun. 1994) _wREV26321 |
|
| 999 |
_c29393 _d29393 |
||